[Event "Leiden SB-ch"]
[Site "Leiden"]
[Date "2003.06.24"]
[Round "6"]
[White "Schenkelaars, Vincent"]
[Black "Van Schie, Jan"]
[Result "1-0"]
[WhiteElo "1748"]
[BlackElo "1475"]
[PlyCount "47"]
[EventDate "2003.05.20"]
[EventType "swiss"]
[EventRounds "7"]
[EventCountry "NED"]
[SourceTitle "CBM 095 Extra"]
[Source "ChessBase"]
[SourceDate "2003.09.04"]
[SourceVersion "1"]
[SourceVersionDate "2003.09.04"]
[SourceQuality "1"]

1. d4 d5 2. c4 e6 3. Nc3 Nf6 4. Bf4 a6 5. e3 Nc6 6. Nf3 g6 7. Rc1 b6 8. Qa4 Bd7 9. Qc2 Bg7 10. Be2 0-0 11. 0-0 Bc8 12. cxd5 Nb4 13. Qb3 Nbxd5 14. Nxd5 Nxd5 15. Bg3 Ra7 16. Ne5 Bxe5 17. Bxe5 f6 18. Bg3 Re8 19. Rfd1 Qe7 20. e4 Qb4 21. Qxb4 Nxb4 22. a3 Nd5 23. exd5 exd5 24. Bf3 1-0

[Event "Leiden SB-ch"]
[Site "Leiden"]
[Date "2003.05.27"]
[Round "2"]
[White "Plug, Arjan JH"]
[Black "Van Schie, Jan"]
[Result "1-0"]
[WhiteElo "1851"]
[BlackElo "1475"]
[PlyCount "77"]
[EventDate "2003.05.20"]
[EventType "swiss"]
[EventRounds "7"]
[EventCountry "NED"]
[SourceTitle "CBM 095 Extra"]
[Source "ChessBase"]
[SourceDate "2003.09.04"]
[SourceVersion "1"]
[SourceVersionDate "2003.09.04"]
[SourceQuality "1"]

1. e4 c5 2. Nc3 d6 3. g3 Nf6 4. Bg2 g6 5. d3 Bg7 6. f4 Nc6 7. Nf3 Bg4 8. 0-0 Qc8 9. Be3 Bh3 10. Qd2 Bxg2 11. Kxg2 Ng4 12. Bg1 0-0 13. h3 Nf6 14. Be3 Nd7 15. g4 Bd4 16. f5 Bxe3 17. Qxe3 Kg7 18. Nd5 Nf6 19. Nf4 e5 20. g5 Ne8 21. f6+ Nxf6 22. gxf6+ Kxf6 23. Nd5+ Kg7 24. Qg5 f6 25. Qg4 Rf7 26. Qxc8 Rxc8 27. c3 b5 28. Nd2 Nd8 29. a4 Rb8 30. axb5 Rxb5 31. Nc4 Ne6 32. b4 Rd7 33. Nxf6 Nf4+ 34. Rxf4 exf4 35. Nxd7 Rb7 36. Nxd6 Rxd7 37. bxc5 Kf6 38. Ra6 Ke5 39. d4+ 1-0